Place names of Africa, 1935-1986 : a political gazetteer

Saved in:
Bibliographic Details
Main Author: Kirchherr, Eugune C.
Format: Book
Language:English
Published: Matuchen : The Scarecrow Press, 1987
Subjects:
Tags: Add Tag
No Tags, Be the first to tag this record!

MARC

LEADER 00000nam a2200000 i 4500
001 1/15159
008 010110s1987 eng d
020 |a 0-8108-2061-7 
035 |l 10065286 
040 |a GR-MY-UA  |b gre  |e aacr 
041 0 |a eng 
082 0 |a 911.6 
100 1 |a Kirchherr, Eugune C. 
245 1 0 |a Place names of Africa, 1935-1986 :  |b a political gazetteer /  |c by Eugene C. Kirchherr 
260 |a Matuchen :   |b The Scarecrow Press,   |c 1987 
300 |a viii, 136 p. 
500 |a Rev. enl. and updated ed. of: Abyssinia to Zimbabwe 
651 0 |a Africa  |x Politics and government  |y 1945-1960. 
651 0 |a Africa  |x Politics and government  |y 1960- 
651 0 |a Africa  |x Gazetteers. 
852 |a INST  |b LESVOS  |e 20010110  |h 911.6 KIR  |p 005100029090  |q 005100029090  |t BK  |y 0 
901 |a BIBL1-2001-1 
909 |a Λ  |b 084305 
922 |a 1ΕΛΗ  |b 200012  |c ΤΑΚ/ΤΓ  |d ΜΙΧΑΛΟΠΟΥΛΟΣ 
950 |a 118-1999-09-20 
970 |a ΤΖΑΦΕΡΗ  |b ΕΥΑΓΓΕΛΙΑ  |z 2001/03/07